[Event "EU-chT (Men) 12th"]
[Site "Batumi"]
[Date "1999.12.06"]
[Round "8.2"]
[White "Efimov, Igor"]
[Black "Van Wely, Loek"]
[Result "0-1"]
[WhiteElo "2445"]
[BlackElo "2629"]
[Annotator "Tsesarsky,I"]
[PlyCount "132"]
[EventDate "1999.11.06"]
[EventType "team-swiss"]
[EventRounds "9"]
[EventCountry "GEO"]
[SourceTitle "CBM 074"]
[Source "ChessBase"]
[SourceDate "2000.02.01"]
[SourceVersion "1"]
[SourceVersionDate "2000.02.01"]
[SourceQuality "1"]
[WhiteTeam "Italy"]
[BlackTeam "Netherlands"]
[WhiteTeamCountry "ITA"]
[BlackTeamCountry "NED"]

1. d4 d5 2. c4 e6 3. e3 Nf6 4. Nf3 Nbd7 5. a3 c6 $5 {Black avoid
simplifications after promoting c5 Schwarz meiden die Vereinfachungen nach dem
Fortschritt Я5} (5... c5 $5 6. Nc3 $132 (6. b4 $6 cxb4 $5 $15 (6... cxd4 7.
Qxd4 dxc4 8. Bxc4 Be7 9. O-O O-O 10. Bb2 Nb6 $11 (10... Qb6 11. Qh4 Nd5 12. Qg3
Bf6 13. Bd4 Bxd4 14. Nxd4 N7f6 15. Nd2 Bd7 $11 {1-0 Kirby,J-Simpson,J/Mission
City 1993 (26)})))) (5... g6 6. Nc3 Bg7 7. Be2 O-O 8. O-O dxc4 9. Bxc4 c5 10.
Qe2 a6 11. Rd1 Qc7 12. dxc5 Nxc5 13. Bd2 b5 14. Ba2 Bb7 $11 {1-0 Hotari,
J-Siponen,E/Tampere Hervanta A 1992 (60)}) (5... Be7 6. Be2 O-O 7. O-O dxc4 8.
Bxc4 c5 9. Nc3 a6 (9... b6 10. Bd2 Bb7 $11) 10. e4 b5 11. Be2 (11. Bd3 cxd4 12.
Nxd4 Bb7 13. Bc2 $11) 11... b4 $17 (11... c4 $2 $132 {1-0 Schmitt,M-Elliott,J/
APCT Knight 0 (52)})) 6. Nbd2 Bd6 $11 7. Bd3 (7. b4 O-O 8. Bb2 b6 9. c5 $11 (9.
Bd3 $11)) 7... O-O 8. O-O e5 $5 9. cxd5 cxd5 (9... exd4 10. dxc6 $16) 10. dxe5
Nxe5 11. Nxe5 (11. Be2 $11) 11... Bxe5 12. Nf3 Bc7 13. h3 $6 $15 (13. Bd2 Bg4
14. h3 Bh5 15. Be2 Re8 (15... Qd6 16. Bb4 $18) 16. Bc3 (16. Nd4 Qd6 17. g3 Bxe2
18. Qxe2 Ne4 19. Nb5 (19. Bb4 Qh6 20. Qg4 (20. Kh2 Nxg3 21. fxg3 Rxe3 $19)
20... a5 21. Be1 Nf6 $17 {[%csl Rh3]}) 19... Qd7 20. Nxc7 Qxc7 21. Rac1 $11)
16... Ne4 17. Bd4 Qd6 18. Re1 (18. g4 Ng5 $1 $19) 18... Bxf3 19. Bxf3 Qh2+ 20.
Kf1 $132) 13... Ne4 14. Bd2 Re8 15. Rc1 $2 (15. Nd4 Qd6 16. f4 Qg6 17. Rf3 Bd7
18. Rc1 Rac8 $15) 15... Re6 $1 $17 16. Bc3 (16. Nd4 Rg6 $17 {[%csl Rg1][%cal
Gc8h3]}) 16... Bd7 17. Bb1 (17. Nd4 Rg6 $1 (17... Re8 $11) 18. Qh5 {[%tqu "En",
"?","","","d7h3","",10,"g6g5","",0]} Bxh3 $3 (18... Rg5 19. Qf3 Qe7 20. Ne2 Bc6
(20... Qd6 21. Nf4 $14) 21. Bb4 Qe5 22. Qf4 $14) 19. Bxe4 $1 (19. Qxh3 Rh6 20.
Qxh6 (20. Qf5 Bh2+ 21. Kh1 g6 $19) 20... gxh6 $19) 19... dxe4 20. Qxh3 Rh6 21.
Qg4 (21. Qf5 g6 22. Qg4 Rh4 $19) 21... Bh2+ $1 (21... Rh4 $2 22. Qxg7+ $1 (22.
Qf5 g6 23. Ne6 Qd6 $1 $19) 22... Kxg7 23. Ne6+ Kg6 24. Nxd8 Bh2+ 25. Kh1 Rxd8
26. Rfd1 $11) 22. Kh1 Be5+ 23. Kg1 Rh4 24. Qf5 Bh2+ 25. Kh1 Bc7+ 26. Kg1 g6 $19
27. Qb5 Rh1+ 28. Kxh1 Qh4+ 29. Kg1 Qh2#) 17... Rg6 18. Be5 $4 $19 {Enabling
the opponent to execute of crushing attacks Ermöglichend dem Gegner den
vernichtenden Sturmangriff zu verwirklichen} (18. Kh1 Bxh3 $1 {Theme impact
Den thematischen Schlag} (18... Bb5 19. Bd3 Bxd3 20. Qxd3 Rc6 21. Qd4 Nxc3 22.
Rxc3 Bb6 23. Qd3 Rxc3 24. Qxc3 $11) 19. gxh3 Qd7 20. Ng1 Rxg1+ 21. Kxg1 Qxh3
22. f4 Qxe3+ 23. Kg2 Qg3+ 24. Kh1 Qh3+ 25. Kg1 Nxc3 26. Rxc3 Bb6+ 27. Rf2 Bxf2+
28. Kxf2 Qh2+ 29. Kf1 Qh1+ 30. Ke2 Re8+ 31. Kd2 Qh2+ 32. Kc1 Qxf4+ 33. Kc2 $17)
18... Bxh3 $1 19. Bxc7 (19. Rxc7 Rxg2+ 20. Kh1 Nxf2+ 21. Rxf2 Rxf2 $19) 19...
Bxg2 $1 {Offensive surprise Die unangenehme Überraschung} (19... Rxg2+ $2 20.
Kh1 Qf6 21. Bxe4 (21. Be5 Qe6 {[%cal Gg2f2,Gg2g6]} 22. Bxe4 dxe4 23. Bf4 exf3
24. Qxf3 Rg6 25. Rg1 Bf5 $19) (21. Rc2 Qg6 22. Rg1 Qg4 {[%cal Gg2g1]} 23. Nd4
Qxd1 24. Rxd1 Nxf2+ 25. Rxf2 Rxf2 $17) 21... dxe4 22. Ne1 (22. Ng1 Qh6 23. Bf4
g5 24. Qd6 Qh5 25. Bh2 Rg4 26. Nxh3 Qxh3 27. Qg3 Rxg3 $19) 22... Rxf2 (22...
Rg6 23. Rg1 Rh6 24. Bh2 Qxf2 25. Qc2 $132) 23. Rxf2 Qxf2 24. Qd4 Qf1+ 25. Kh2
Bf5 $15 {[%csl Rh2]}) 20. Bg3 (20. Bxd8 $2 Bxf3+ 21. Kh2 Rh6+ 22. Kg1 Rh1#)
20... Bxf1 21. Kxf1 Nxg3+ 22. fxg3 Rxg3 23. Kf2 Rh3 24. Qd4 Qd6 (24... Rh5 $5
25. Ba2 Rf5 26. Rd1 (26. Rh1 {[%cal Ga2b1]} h6 27. Rd1 Qc7 28. Kg2 Rd8 $17)
26... Qc7 27. Kg2 Rd8 $17) 25. Rg1 g6 26. Qg4 (26. Bf5 Rh6 (26... Rh5 27. Bg4
Rh6 28. e4 Rd8 29. exd5 Qxd5 30. Qe3 Kg7 31. Qc3+ f6 32. Qc7+ Kh8 33. Re1 Rf8
34. Re7 Qb3 35. Qc1 (35. Qxb7 Qxb7 36. Rxb7 f5 $19) 35... g5 36. Bf5 Qb6+ 37.
Kg2 Rg8 38. Qc7 Qxc7 39. Rxc7 g4 40. Nd4 $44) 27. e4 Rd8 28. exd5 Qxd5 (28...
Rh5 29. Bb1 Rxd5 30. Qxa7 Qf4 $19) 29. Qe3 Kg7 30. Qc3+ f6 31. Qe3 Rf8 32. Be6
Qb5 $17) 26... Rh6 27. Qg5 Kg7 28. Rd1 (28. Nd4 Rh2+ 29. Rg2 Rxg2+ 30. Kxg2 Kh8
$19) 28... Rh5 29. Qf4 Qb6 (29... Qxf4 30. exf4 Rd8 $19) 30. Qd4+ (30. Ba2
Qxb2+ 31. Rd2 Qxa3 32. Bxd5 Qe7 $19) (30. b4 a5 $17) 30... Qxd4 31. Rxd4 (31.
exd4 Rc8 $19) 31... Rc8 32. Rd2 Rc5 {Black have the won position.
Implementation of advantage - matter of time Schwarz haben die gewonnene
Position. Die Realisation des Vorteiles - die Frage der Zeit} 33. Kg2 Kf6 34.
Ba2 Ke7 35. Bb3 Rf5 36. Bc2 Rf6 37. Ne5 Re6 38. Nd3 Rxc2 39. Rxc2 Rxe3 {
Transformation of advantage Die Transformation des Vorteiles} 40. Nf4 Kd6 41.
Rd2 Re5 42. Kf3 h5 43. b4 (43. Nd3 Rf5+ 44. Kg3 Rg5+ (44... f6 $19) 45. Kf3 h4
$19) 43... Rf5 44. Kg3 Rg5+ 45. Kf3 Rf5 46. Kg3 Re5 47. Kf3 h4 48. Nd3 Rg5 49.
a4 $6 (49. Nc5 $5 Kc6 (49... Rf5+ 50. Kg4 b6 51. Ne4+ Ke5 52. Nc3 Rf4+ 53. Kg5
Rf3 54. Nxd5 h3 55. Nc7 (55. a4 h2 $19 {[%csl Rd5]}) 55... Rg3+ (55... Rxa3 56.
Re2+ Kd4 57. Nb5+ Kd3 58. Rh2 Ra4 59. Rxh3+ Kc4 60. Nd6+ Kxb4 61. Nxf7 $44) 56.
Kh4 Rxa3 57. Nb5 $15 {[%csl Ra7,Rh3]}) 50. Nd3 f6 $19 (50... Rg3+ 51. Kf2 f6 (
51... f5 52. Nf4 g5 53. Nxd5 Rxa3 54. Ne7+ Kb5 55. Nxf5 Kxb4 56. Rd4+ Kc5 57.
Rg4 $15) 52. Nf4 Rg5 53. Ne6 Re5 54. Nd4+ Kd7 $19)) 49... Rg3+ 50. Kf2 Rg4 51.
Re2 Re4 52. Rc2 Rc4 53. Re2 Rd4 54. Ne5 (54. Ke3 Re4+ 55. Kf3 Rxe2 56. Kxe2 g5
57. Kf3 f5 $19) 54... Rf4+ 55. Kg2 f6 56. Nd3 Rd4 57. Re3 g5 58. a5 g4 59. Kf2
f5 60. Ne5 Rf4+ 61. Kg2 Rxb4 62. Nf7+ Kc5 63. Re2 f4 64. Rc2+ Rc4 65. Rb2 f3+
66. Kf2 Rc3 0-1

[Event "Elgoibar 10th"]
[Site "Elgoibar"]
[Date "2000.??.??"]
[Round "5"]
[White "Del Rio de Angelis, Salvador Gabriel"]
[Black "Korneev, Oleg"]
[Result "0-1"]
[WhiteElo "2467"]
[BlackElo "2619"]
[Annotator "Tsesarsky,I"]
[PlyCount "58"]
[EventDate "2000.11.28"]
[EventType "tourn"]
[EventRounds "9"]
[EventCountry "ESP"]
[EventCategory "11"]
[SourceTitle "CBM 081"]
[Source "ChessBase"]
[SourceDate "2001.03.20"]
[SourceVersion "1"]
[SourceVersionDate "2001.03.20"]
[SourceQuality "1"]

1. d4 d5 2. c4 e6 3. Nf3 Nf6 4. Bg5 dxc4 5. e3 $6 $15 {Worst continuation in
this position.} (5. e4 $142 $5 $11 b5 ({Well is po play also} 5... c5 $5 6. Nc3
(6. e5 h6 7. Bh4 g5 8. exf6 gxh4 9. Nc3 Rg8 $15 {0-1 Kirsi,V-Huuskonen,V/cr
ch-SF 1994(28)}) 6... Qb6 7. Bxc4 cxd4 8. Qxd4 Qxd4 9. Nxd4 a6 10. O-O Nbd7 11.
Be2 Bb4 $132 {1/2-1/2 Popova,T-Shumiakina,T/URS-chW Podolsk 1990(52)}) (5...
Be7 $6 6. Nc3 c6 7. Bxc4 $14 {1/2-1/2 Jablonski,R-Damme,L/cr we Hkl 1992 (36)})
(5... Nbd7 $6 6. Bxc4 Be7 7. Qc2 O-O 8. O-O b6 9. Nbd2 $14 {1-0 Sigrist,
R-Artis,S/FALL95-U1900C 1995 (41)}) (5... h6 $6 6. Bxf6 Qxf6 7. Nc3 Bb4 8. Bxc4
O-O 9. O-O Nd7 10. e5 Qd8 11. a3 Be7 12. Qe2 $14 {1-0 Archambault,P-Guenzel,S/
cr Casual Compuserve 1996 (38)}) 6. a4 c6 7. e5 (7. axb5 cxb5 8. e5 h6 9. Bh4
g5 10. Nxg5 hxg5 11. Bxg5 Be7 $1 (11... Nbd7 $6 12. Be2 $6 (12. Qf3 Rb8 13.
exf6 $14) 12... Bb7 13. Bf3 $132 {1-0 Rodgard,J-Rahman,Z/Manila olm 1992 (43)})
12. exf6 (12. Bxf6 Bxf6 13. exf6 Nc6 $15) 12... Bb4+ 13. Bd2 Bxd2+ 14. Qxd2 Nc6
$132) (7. Nc3 Qb6 $15) 7... h6 8. Bd2 (8. Bh4 $5 g5 9. Nxg5 Bb4+ 10. Nc3 (10.
Ke2 $4 hxg5 11. Bxg5 Qd5 $1 $19 (11... Nbd7 $132 {1/2-1/2 Yrjoelae,J-Pyhaelae,
A/Unknown 1985 (31)})) 10... hxg5 11. Bxg5 Bxc3+ (11... Nbd7 12. Qf3 $16) 12.
bxc3 Qa5 13. Bxf6 Qxc3+ 14. Ke2 Qb2+ $132) 8... Nd5 (8... Ne4 {-see commented
game 1-0 Yermolinsky,A-Kaidanov,G(43)}) 9. axb5 (9. b3 cxb3 10. axb5 b2 11. Ra2
cxb5 12. Bxb5+ Bd7 13. Rxb2 $11) 9... cxb5 10. b3 Nb6 11. bxc4 bxc4 12. Bxc4
Nxc4 13. Qa4+ Qd7 14. Qxc4 $132 {1/2-1/2 Hebden,M-Muir,A/BCF ch Eastbourne ,
EXT 1990 (33)}) ({The best move in this position is} 5. Qa4+ {-mainline}) 5...
b5 $1 $15 {After this move it is not so easy for White to justify P sacrifice.
Except of this move Black can equalize by:} (5... c5 {[%cal Gc5d4] this move
promises to Black good future.} 6. Nc3 a6 7. a4 cxd4 8. exd4 Bb4 9. Bxc4 {
0-1 Janowski,D-Capablanca,J/New York 1918 (55) -in style of Queen Gambit
Variation.}) ({or} 5... Bb4+ 6. Nbd2 Qd5 7. Bxf6 gxf6 8. Qc2 b5 (8... Nc6 9.
Bxc4 Bxd2+ 10. Kxd2 Qh5 11. Be2 $132 {0-1 Opocensky,K-Canal,E/Venice 1948 (42)}
) 9. a4 c6 10. axb5 cxb5 11. b3 c3 12. Ne4 Nd7 13. Nxc3 $132) 6. Be2 ({Or} 6.
a4 c6 7. Be2 (7. axb5 $6 cxb5 8. Be2 Bb7 9. O-O a6 10. b3 cxb3 11. Qxb3 {
this position is similar - like position from this game.} Nbd7 $17 {0-1
Szollosy,L-Lukacs,P/Solymar 1996 (33)}) 7... Nbd7 8. O-O Qb6 9. axb5 $6 (9. b3
cxb3 10. axb5 cxb5 11. Qxb3 b4 $15) 9... cxb5 10. b3 cxb3 11. Qxb3 (11. Nc3 $6
b2 $17 {1-0 Murzin,L-Galliamova Ivanchuk,A/Nabereznye Chelny 1993 (64)}) 11...
b4 $15) 6... c6 7. O-O a6 8. a4 Bb7 9. b3 cxb3 10. Qxb3 Be7 (10... Nbd7 11. Nc3
Be7 12. Rfc1 O-O $15 {0-1 Arroyo,E-Sakaev,K/Oviedo rapid45 1992 (23)}) 11. Nbd2
{Black can be satisfied by opening: White didn't equalize...} (11. Na3 O-O 12.
Nc4 Nbd7 13. Nfe5 Rb8 $17 {1-0 Hanko,P-Bojkovic,N/Bled SLO 1999 (40)}) 11...
Nbd7 12. e4 (12. Rfc1 O-O $15) 12... h6 13. Bh4 $6 $17 (13. Be3 $142 O-O $15)
13... g5 $1 (13... O-O $5 14. e5 Nd5 15. Bxe7 Qxe7 16. Ne4 Nf4 $17) 14. Bg3 Nh5
$17 {[%csl Rg3][%cal Gh5g3] White hasn't any compensation for P lack.} 15. Nc4
(15. Rad1 Nxg3 16. fxg3 Rb8 $17) 15... O-O (15... Nxg3 $17) 16. Ne3 (16. e5
Nxg3 17. fxg3 g4 $17) 16... Nxg3 17. fxg3 Bf6 ({Interesting also} 17... c5 $1 {
with immediate center attack.} 18. axb5 axb5 19. Rxa8 Bxa8 20. d5 c4 21. Qxb5
Bc5 $19) 18. e5 Bg7 19. Bd3 $6 $19 {Position of White is hopeless.} (19. Rac1
$17) 19... c5 20. Bb1 (20. axb5 cxd4 21. Nc2 (21. Ng4 axb5 $19 {[%csl Re5]
[%cal Gb7f3]}) 21... Nc5 22. Qc4 Nxd3 23. Qxd3 axb5 $19) 20... c4 (20... cxd4
$19) 21. Qb2 Qb6 22. a5 Qa7 23. Qc2 f5 24. exf6 Nxf6 25. Qg6 Bxf3 26. Rxf3 Qxd4
27. Ra2 g4 28. Rf4 Qxe3+ 29. Raf2 Rad8 0-1

[Event "GER-ch 71st"]
[Site "Altenkirchen"]
[Date "1999.11.14"]
[Round "3"]
[White "Huebner, Robert"]
[Black "Mueller, Karsten"]
[Result "1-0"]
[WhiteElo "2599"]
[BlackElo "2533"]
[Annotator "Tsesarsky,I"]
[PlyCount "139"]
[EventDate "1999.11.12"]
[EventType "swiss"]
[EventRounds "9"]
[EventCountry "GER"]
[SourceTitle "CBM 074"]
[Source "ChessBase"]
[SourceDate "2000.02.01"]
[SourceVersion "1"]
[SourceVersionDate "2000.02.01"]
[SourceQuality "1"]

1. c4 c6 (1... e6 2. Nf3 d5 3. g3 c5 4. cxd5 exd5 5. d4 Nf6 6. Bg2 Nc6 7. O-O
Be7 8. dxc5 Bxc5 9. Nbd2 h6 (9... Bf5 10. Nb3 Be7 11. Be3 O-O 12. Nfd4 Bg6 13.
Nxc6 bxc6 14. Rc1 $14 {1-0 Ilinsky,V-Stokstad,P/Gausdal International (2) 1991
(74)}) (9... O-O 10. Ne1 (10. a3 a5 11. Nb3 Bb6 12. Nbd4 Re8 13. Be3 a4 14. Rc1
Bd7 15. Qd3 h6 16. h3 Ne4 17. Kh2 h5 18. Rcd1 Ra5 $132 {time. 0-1 Platonov,
I-Dementiev,O/URS-ch38 Riga 1970 (35)}) 10... Re8 11. Nd3 Bb6 12. Nf4 Bf5 13.
h3 Nd4 14. Nf3 Bc2 15. Qe1 Nf5 16. Kh2 Ne4 17. g4 Ne7 18. Nd2 Ba5 19. f3 Nf6
20. Kh1 g5 $17 {0-1 Dieks,D-Nunn,J/Amsterdam IBM-B 1975 (23)}) 10. Nb3 Bb6 11.
Nbd4 O-O 12. b3 Re8 13. Bb2 Ne4 14. Rc1 Bd7 15. e3 Rc8 16. Qd3 Qf6 (16... Nb4
17. Qb1 Qe7 $132 (17... Rxc1 $6 18. Rxc1 Qe7 {[%csl Rf2][%cal Ge4f2]} 19. Re1
$1 Nc6 20. Nxc6 bxc6 21. Ne5 $14 {1/2-1/2 Wilde,P-Arnold,L/BL2-S 1994 (27)}))
17. Qe2 Qg6 $132) 2. Nf3 d5 3. d4 e6 4. Nbd2 Nf6 5. g3 c5 $5 {Tempo loss Is
compensated by Nbd2...} 6. cxd5 exd5 7. Bg2 Nc6 8. O-O Be7 9. dxc5 Bxc5 10. Nb3
{This position was played many times with 0-0 of Black instead of tempo loss
at 5 move. Black has good position.} (10. a3 O-O 11. b4 Bb6 12. Bb2 Re8 13. Nb3
Qe7 14. b5 Na5 15. Nxa5 Bxa5 16. e3 Bf5 17. Qa4 Bb6 18. Qf4 Be4 19. Bxf6 Qxf6
20. Qxf6 gxf6 21. Rfd1 $14 {1-0 Mochalov,E-Koutsin,S/Kiev Platonov 1995/CBM 51/
[Hecht] (81)}) 10... Bb6 {[%csl Gd4]} (10... Bd6 11. Bg5 Be6 12. Nbd4 h6 13.
Be3 O-O 14. Rc1 $14) 11. Qd3 (11. Bg5 O-O 12. e3 Be6 13. Rc1 Rc8 $11) 11... O-O
12. Be3 Bxe3 (12... Bg4 13. Bxb6 Qxb6 14. Nfd4 Nxd4 15. Nxd4 (15. Qxd4 Bxe2 16.
Rfe1 Bc4 $17) 15... Rac8 (15... Qxb2 16. Rfb1 $18) 16. b3 Bh5 17. Rfc1 Bg6 18.
Qd1 Be4 $132) 13. Qxe3 Re8 14. Qd3 Bg4 (14... Qe7 15. e3 Bg4 16. Nfd4 Ne5 $132)
15. e3 Qb6 16. Nfd4 Rac8 (16... Ne5 17. Qb5 Qxb5 18. Nxb5 Be2 19. Nc7 Bxf1 20.
Kxf1 Nd3 (20... Nc4 21. Nd4 Ne4 (21... Nxb2 22. Nxa8 Rxa8 23. Rb1 Nc4 24. Rxb7
$16) 22. b3 $14) 21. Nd4 Ne4 22. Nxa8 Rxa8 23. f3 Nec5 24. b3 a5 25. Ke2 a4 (
25... Kf8 26. a3 $16) 26. bxa4 Rxa4 27. f4 Rxa2+ 28. Rxa2 Nc1+ 29. Kd2 Nxa2 30.
Bxd5 Nb4 $11) 17. Rfc1 Nb4 (17... Ne5 18. Qf1 Bh5 (18... Rc4 19. h3 Bh5 20. f4
Rxc1 (20... Nc6 21. g4 Rxe3 22. Rxc4 dxc4 23. Qxc4 Bxg4 (23... Nxd4 24. Nxd4
Qxb2 25. Rd1 $16) 24. hxg4 Nxg4 (24... Rxb3 25. axb3 Qxd4+ 26. Qxd4 Nxd4 27.
Rxa7 $18) 25. Rd1 h5 $14) 21. Rxc1 Nc4 22. g4 Nxe3 23. Qf2 Bxg4 24. Re1 Nxg2
25. Rxe8+ Nxe8 26. hxg4 Nxf4 27. Qxf4 $14) 19. Rxc8 Rxc8 20. Rc1 Rxc1 21. Qxc1
Nc6 22. Qc3 Bg6 $11 {[%cal Gg6e4] Without rooks isolated pawn d5 defence is
not a problem.}) 18. Qf1 Rxc1 19. Qxc1 Rc8 20. Qf1 a5 (20... Bd7 21. Rc1 Rxc1
22. Nxc1 Nc6 $11) (20... Bh5 $11 {[%cal Gh5g6]}) 21. Rc1 a4 $6 $14 {[%csl Ra4]
Voluntary Black make another weakness.} (21... Rxc1 22. Qxc1 Nxa2 (22... Ne4
23. f3 Nxa2 24. Qa1 Qh6 25. fxe4 Qxe3+ 26. Kf1 (26. Kh1 a4 27. Qg1 Qxg1+ 28.
Kxg1 axb3 29. exd5 Nc1 30. d6 Kf8 31. Bxb7 Ke8 $11) 26... dxe4 27. Qe1 (27.
Qxa2 Qd3+ $11) 27... Qxe1+ 28. Kxe1 b6 29. Bxe4 $16) 23. Qa1 Nb4 24. Qxa5 Qxa5
25. Nxa5 Bc8 $11) 22. Rxc8+ Bxc8 23. Nc1 Bd7 (23... Qc7 24. Qd1 Bd7 25. a3 $14)
24. a3 Na6 25. Nd3 Nc5 26. Nb4 (26. Nxc5 Qxc5 27. Qd1 h6 28. h3 Ne4 29. Qc2
Qxc2 (29... b6 30. Bxe4 dxe4 31. Qxe4 Bxh3 32. Qe8+ Kh7 33. Qxa4 $16) 30. Nxc2
$14 {[%csl Ra4,Rd5]}) 26... Qd6 (26... Ne6 27. Qd3 Nxd4 28. Qxd4 Qxd4 29. exd4
Be6 30. Na2 Bd7 31. Nc3 Bc6 32. Bf3 Kf8 33. Bd1 b5 34. Be2 $16) 27. Qd1 Qe5 (
27... Bg4 28. Qc2 b6 $14) 28. Nd3 {White all the same change a pair of NN} Nxd3
29. Qxd3 h5 (29... h6 $14) 30. Qc2 Ne4 (30... Qd6 31. Bf3 $14) 31. h4 g6 (31...
b6 32. Bf3 $14) 32. Bf3 Nxg3 $2 $16 (32... b6 $14) 33. fxg3 Qxg3+ 34. Kf1 (34.
Bg2 Qe1+ (34... Qxe3+ 35. Qf2 Qe5 $14) 35. Bf1 Qxh4 36. Qc7 Qe7 37. Kf2 $14)
34... Bh3+ (34... Bb5+ 35. Nxb5 Qxf3+ 36. Qf2 $16) 35. Ke2 Bg4 (35... Bg2 36.
Bxg2 Qxg2+ 37. Kd3 Qe4+ 38. Kd2 Qxh4 (38... Qg2+ 39. Ne2 Qg4 40. Qc7 Qxh4 41.
Qxb7 $16) 39. Qxa4 $16) 36. Bxg4 Qxg4+ 37. Kd2 Qxh4 38. Qxa4 Qe4 $2 $18 (38...
Qe7 $16) 39. Qd1 $2 $16 {Instead of an immediate winning White had to play
more long 30 moves.} (39. Qa8+ Kg7 40. Qxb7 Qg2+ 41. Ne2 h4 42. Qc7 h3 (42...
g5 43. a4 $18) 43. Qg3 $18) 39... h4 40. Qf3 Qb1 41. b3 Qb2+ 42. Kd3 Qxa3 43.
Qxd5 Qa6+ 44. Ke4 h3 (44... Kg7 45. Kf4 (45. Qd7 Qf1 46. Nf3 Qb1+ 47. Kf4 Qxb3
$11) (45. Nf3 h3 46. Kf4 Qf1 47. Qd2 $16) 45... Qf1+ 46. Nf3 (46. Qf3 Qg1 47.
Qxb7 Qg3+ 48. Ke4 Qg2+ 49. Nf3 h3 50. Qd5 h2 51. Qe5+ Kg8 52. Qxh2 f5+ 53. Kf4
g5+ 54. Kxf5 Qxf3+ $11) 46... h3 47. Qd2 Qb5 48. b4 Qf1 49. Kg3 $16) 45. Kf4 h2
46. Kg3 Qf1 47. Kxh2 Qf2+ 48. Kh3 Qxe3+ 49. Nf3 Qe7 50. Kg4 Kg7 51. Kf4 {
[%cal Gd5e5]} f6 52. Nd4 Qc7+ (52... Kh6 53. Ne6 {[%cal Gd5h1]} Qb4+ 54. Qe4 (
54. Qd4 Qxb3 55. Qxf6 Qc4+ $44) 54... Qd2+ (54... Qxb3 55. Qh1+) 55. Kf3 Qd1+
56. Kf2 Qd2+ 57. Qe2 Qd6 $16) 53. Ke4 f5+ $2 $18 (53... Kh6 $16) 54. Kd3 Qe7 (
54... Qb6 55. Ne6+ Kf6 56. Nc5 Qc6 57. Nd7+ Ke7 58. Qxc6 bxc6 59. Ne5 $18) 55.
Ne6+ Kf6 56. Nc5 $18 g5 57. Nxb7 g4 58. Nd6 Qe6 59. Qd4+ Kg6 60. Nc4 g3 61. Qf4
Qd5+ 62. Ke3 Qg2 (62... g2 63. Kf2 $18) 63. Kd4 (63. Ne5+ Kf6 64. Ng4+ Kg6 65.
Qh6+ Kf7 66. Qf6+ $18) 63... Qg1+ 64. Ne3 Qa1+ 65. Kd3 Qb1+ 66. Kc4 Kf6 67.
Nd5+ Ke6 68. Qh6+ Kd7 69. Qg7+ Ke6 70. Qe7# 1-0